TSG 1899 Hoffenheim Squad 2022-2023 - Statistics

General Stats
  • This quiz has been taken 13 times
  • The average score is 22 of 35
Answer Stats
# Position Nation Player % Correct
1 GK Germany Oliver Baumann
100%
5 DF Turkey Ozan Kabak
100%
3 DF Czech Republic Pavel Kadeřábek
100%
27 FW Croatia Andrej Kramarić
92%
11 DF Spain Angeliño
92%
14 MF Austria Christoph Baumgartner
92%
25 DF Nigeria Kevin Akpoguma
92%
29 MF Denmark Robert Skov
92%
9 FW Togo Ihlas Bebou
85%
19 FW Denmark Kasper Dolberg
85%
22 DF Germany Kevin Vogt
85%
10 FW Israel Munas Dabbur
85%
17 MF Denmark Thomas Delaney
85%
- Coach Germany André Breitenreiter
77%
- Coach United States Pellegrino Matarazzo
77%
8 MF Germany Dennis Geiger
69%
4 DF Bosnia and Herzegovina Ermin Bičakčić
69%
23 DF United States John Anthony Brooks
69%
33 FW France Georginio Rutter
62%
6 MF Germany Grischa Prömel
54%
7 FW Denmark Jacob Bruun Larsen
54%
12 GK Germany Philipp Pentke
54%
39 MF Germany Tom Bischof
54%
16 MF Germany Sebastian Rudy
46%
34 DF France Stanley Nsoki
46%
20 MF Germany Finn Ole Becker
38%
37 GK Germany Luca Philipp
38%
26 DF Portugal Eduardo Quaresma
31%
44 FW Germany Fisnik Asllani
31%
24 DF United States Justin Che
31%
36 GK Germany Nahue Noll
31%
40 MF Germany Umut Tohumcu
31%
13 MF Germany Angelo Stiller
23%
21 DF Germany Benjamin Hübner
23%
35 MF Germany Muhammed Damar
23%
No matching quizzes found
Score Distribution
Percent of People with Each Score
Percentile by Number Answered
Your Score History
You have not taken this quiz